| 000 | 00482 a2200229 4500 | ||
|---|---|---|---|
| 260 | _aParis | ||
| 630 | _a10 - Philosophie | ||
| 037 | _b1, BU | ||
| 650 | _a1 - PHILOSOPHIE ET PSYCHOLOGIE | ||
| 100 | _aEd., Dumont, Jean-Paul | ||
| 260 | _bPUF | ||
| 245 | _aLes sophistes: fragments et témoignages | ||
| 300 | _a255p. | ||
| 650 | _asophisme | ||
| 260 | _c1969 | ||
| 300 | _b18cm. | ||
| 100 | _lFr | ||
| 440 | _aSUP | ||
| 037 | _a24436 | ||
| 999 |
_c39612 _d39612 |
||